Online
Catalog

El aje : (Record no. 20644)

MARC details
000 -CABECERA
campo de control de longitud fija 01850nam a2200325 i 4500
001 - NÚMERO DE CONTROL
campo de control 000021142
003 - IDENTIFICADOR DEL NÚMERO DE CONTROL
campo de control DO-SdBNP
005 - FECHA Y HORA DE LA ÚLTIMA TRANSACCIÓN
campo de control 20241001131229.0
007 - CAMPO FIJO DE DESCRIPCIÓN FÍSICA--INFORMACIÓN GENERAL
campo de control de longitud fija ta
008 - DATOS DE LONGITUD FIJA--INFORMACIÓN GENERAL
campo de control de longitud fija 100901s1978 dr ac r 001 0 spa d
040 ## - FUENTE DE LA CATALOGACIÓN
Centro catalogador/agencia de origen DO-SdBNP
Lengua de catalogación spa
Centro/agencia transcriptor BNPHU
Normas de descripción rda
082 #4 - NÚMERO DE LA CLASIFICACIÓN DECIMAL DEWEY
Número de clasificación 635.22
Número de documento/Ítem A312e
Número de edición 22
245 03 - MENCIÓN DE TÍTULO
Título El aje :
Resto del título un enigma descifrado /
Mención de responsabilidad, etc. edición, José Chez Checo.
250 ## - MENCIÓN DE EDICIÓN
Mención de edición Primera edición
264 #4 - PRODUCCIÓN, PUBLICACIÓN, DISTRIBUCIÓN, FABRICACIÓN Y COPYRIGHT
Producción, publicación, distribución, fabricación y copyright Santo Domingo :
Nombre del de productor, editor, distribuidor, fabricante Ediciones Museo del Hombre Dominicano,
Fecha de producción, publicación, distribución, fabricación o copyright 1978.
300 ## - DESCRIPCIÓN FÍSICA
Extensión 121 páginas :
Otras características físicas ilustraciones, retratos ;
Dimensiones 21 cm.
336 ## - TIPO DE CONTENIDO
Término de tipo de contenido texto
Código de tipo de contenido txt
Fuente rdacontent
337 ## - TIPO DE MEDIO
Nombre/término del tipo de medio sin mediación
Código del tipo de medio n
Fuente rdamedia
338 ## - TIPO DE SOPORTE
Nombre/término del tipo de soporte volumen
Código del tipo de soporte nc
Fuente rdacarrier
490 0# - MENCIÓN DE SERIE
Mención de serie Mesas Redondas ;
Designación de volumen o secuencia 1
500 ## - NOTA GENERAL
Nota general Incluye referencias bibliográficas y notas al pie de páginas.
505 0# - NOTA DE CONTENIDO CON FORMATO
Nota de contenido con formato Introducción /
Mención de responsabilidad Bernardo Vega --
Título Programa de la Mesa Redonda --
-- Presentación de la Mesa Redonda --
-- Presentación de los cultivos en disquisición y otros afines /
Mención de responsabilidad Hernán Olmos --
Título El aje y la batata, un mismo alimento indoantillano /
Mención de responsabilidad Manuel de Jesús Mañón Arredondo --
Título Sobre Ajes y Batatas /
Mención de responsabilidad Marcio Veloz Maggiolo --
Título Palabras del Prof. Eugenio de Js. Marcano --
-- Palabras del Dr. Alain H. Liogier --
-- Palabras del P. Julio Cicero, S.J. --
-- Interpretación palinológica /
Mención de responsabilidad Luis Fortuna --
Información miscelánea Apéndices:
Título Disquisición Crítico-Histórica sobre el Aje y las Batatas de Cuba /
Mención de responsabilidad Antonio Bachiller y Morales --
Título El enigma del Aje /
Mención de responsabilidad Pedro Henríquez Ureña --
Título Bibliografía sobre el Aje /
Mención de responsabilidad José Chez Checo.
590 ## - NOTA LOCAL (RLIN)
Nota local Inventariado, 2024/BT
650 #4 - PUNTO DE ACCESO ADICIONAL DE MATERIA--TÉRMINO DE MATERIA
Término de materia o nombre geográfico como elemento de entrada Batatas
Subdivisión general Variedades
9 (RLIN) 18671
650 #4 - PUNTO DE ACCESO ADICIONAL DE MATERIA--TÉRMINO DE MATERIA
Término de materia o nombre geográfico como elemento de entrada Agricultura indígena
Subdivisión general Investigaciones
9 (RLIN) 44208
650 #4 - PUNTO DE ACCESO ADICIONAL DE MATERIA--TÉRMINO DE MATERIA
Término de materia o nombre geográfico como elemento de entrada Alimentos indígenas
Subdivisión general Ensayos, conferencias, etc.
9 (RLIN) 44209
700 1# - PUNTO DE ACCESO ADICIONAL--NOMBRE DE PERSONA
Nombre de persona Chez Checo, José,
Término indicativo de función/relación edición
Código de función/relación ed.
9 (RLIN) 80381
910 ## - DATOS DE OPCIÓN DEL USUARIO (OCLC)
Datos de opción del usuario Validado. Control de calidad. EMS
942 ## - ELEMENTOS DE PUNTO DE ACCESO ADICIONAL (KOHA)
Fuente del sistema de clasificación o colocación Dewey Decimal Classification
Tipo de ítem Koha Libro
Holdings
Estado de retiro Estado de pérdida Fuente del sistema de clasificación o colocación Restricciones de uso No para préstamo Código de colección Localización permanente Ubicación/localización actual Ubicación en estantería Fecha de adquisición Total de préstamos Signatura topográfica completa Código de barras Fecha visto por última vez Número de copia Precio válido a partir de Tipo de ítem Koha Fuente de adquisición Nota pública
    Dewey Decimal Classification Préstamo en sala   Dominicana de Servicio Biblioteca Nacional Pedro Henríquez Ureña Biblioteca Nacional Pedro Henríquez Ureña Depósito 03.02.2015   BNPHU DS 635.22 A312e 21142-30 25.06.2020 e. 3 25.06.2020 Libro    
    Dewey Decimal Classification Excluido de préstamo   Patrimonio Dominicano Biblioteca Nacional Pedro Henríquez Ureña Biblioteca Nacional Pedro Henríquez Ureña Depósito 01.09.2010   BNPHU PD 635.22 A312e 21142-10 25.06.2020   25.06.2020 Libro    
    Dewey Decimal Classification Excluido de préstamo   Patrimonio Dominicano Biblioteca Nacional Pedro Henríquez Ureña Biblioteca Nacional Pedro Henríquez Ureña Depósito 18.04.2011   BNPHU PD 635.22 A312e 21142-20 25.06.2020 e. 2 25.06.2020 Libro    
    Dewey Decimal Classification Préstamo en sala   Dominicana de Servicio Biblioteca Nacional Pedro Henríquez Ureña Biblioteca Nacional Pedro Henríquez Ureña Depósito 30.09.2024   BNPHU DS 635.22 A312e 2024-5469 30.09.2024 e.4 30.09.2024 Libro Donado por la Presidencia de la República Dominicana Perteneció a la biblioteca personal de Emilio Cordero Michel.

Powered by Koha